| 000 | 00672nam a2200253Ia 4500 | ||
|---|---|---|---|
| 005 | 20250425162442.0 | ||
| 008 | 250425s9999 xx 000 0 und d | ||
| 020 | _a9789810000000 | ||
| 041 | _aeng | ||
| 082 | _a338.09 | ||
| 100 | _aLIU, GORDON G ED | ||
| 245 | 0 | _aINVESTING IN HUMAN CAPITAL FOR ECONOMIC DEVELOPMENT IN CHINA | |
| 250 | _aS.E. | ||
| 260 |
_aEstados Unidos _bWORDL SCIENTIFIC _c2010 |
||
| 260 | _aS.L. | ||
| 300 | _a401 | ||
| 500 | _aEDITED BY GORDON G LIU, SHUFANG ZHANG, ZONGYI ZHANG | ||
| 650 | _aCAPITAL HUMANO | ||
| 650 | _aCHINA | ||
| 650 | _aDESARROLLO ECONOMICO | ||
| 710 | _aWORLD SCIENTIFIC | ||
| 942 | _c01 | ||
| 010 | _a74869 | ||
| 999 |
_c229502 _d229502 |
||